Pays par deuxième plus grande ville - Statistiques

Statistiques générales
  • Ce quiz a été pris 49 fois
    9 depuis la dernière actualisation
  • Le résultat moyen est 66 sur 193
Statistiques - réponses
Ville Pays % Correct
Hambourg Allemagne
100%
Melbourne Australie
100%
Montréal Canada
100%
Beijing Chine
100%
Busan / Pusan Corée du Sud
100%
Alexandrie Égypte
100%
Barcelone Espagne
100%
Los Angeles États-Unis
100%
Marseille France
100%
Delhi Inde
100%
Cork Irlande
100%
Milan Italie
100%
Astana Kazakhstan
100%
Fès Maroc
100%
Manille Philippines
100%
Cracovie Pologne
100%
Birmingham Royaume-Uni
100%
Dakar Sénégal
100%
Göteborg Suède
100%
Genève Suisse
100%
Damas Syrie
100%
Ankara Turquie
100%
Kharkiv Ukraine
100%
Hanoï Viêt Nam
100%
Le Cap Afrique du Sud
88%
Djeddah Arabie Saoudite
88%
Gand Belgique
88%
Mendellín Colombie
88%
Khartoum Soudan
88%
Caracas Venezuela
88%
Oran Algérie
75%
Graz Autriche
75%
Rio de Janeiro Brésil
75%
Split Croatie
75%
Santiago de Cuba Cuba
75%
Malabo Guinée équatoriale
75%
Mbabane Eswatini
75%
Pristina Kosovo
75%
Kaunas Lituanie
75%
Bergen Norvège
75%
Lahore Pakistan
75%
Rotterdam Pays-Bas
75%
Porto Portugal
75%
Brno République Tchèque
75%
Saint-Pétersbourg Russie
75%
Cо́rdoba Argentine
63%
Gitega Burundi
63%
Yaoundé Cameroun
63%
Aarhus Danemark
63%
Palikir États fédérés de Micronésie
63%
Thessalonique Grèce
63%
Tel Aviv-Jaffa Israël
63%
Yokohama Japon
63%
Vaduz Liechtenstein
63%
Wellington Nouvelle-Zélande
63%
Cluj Roumanie
63%
Castries Sainte-Lucie
63%
Sfax Tunisie
63%
Durrës / Elbasan Albanie
50%
Chittagong Bangladesh
50%
Kuala Belait Brunei
50%
Quito Équateur
50%
Batoumi Géorgie
50%
Debrecen Hongrie
50%
Bassorah Irak
50%
Mombasa Kenya
50%
Benghazi Libye
50%
Samarcande Ouzbékistan
50%
Novi Sad Serbie
50%
Košice Slovaquie
50%
Mandalay Birmanie
38%
El Alto Bolivie
38%
Banja Luka Bosnie-Herzégovine
38%
Espoo Finlande
38%
Esch-sur-Alzette Luxembourg
38%
Kano Nigeria
38%
Arequipa Pérou
38%
Mbujimayi République Démocratique du Congo
38%
Pointe-Noire République du Congo
38%
Maribor Slovénie
38%
Kaohsiung Taïwan
38%
Türkmenabat Turkménistan
38%
Hérat Afghanistan
25%
Francistown Botswana
25%
Plovdiv Bulgarie
25%
Bobo-Dioulasso Burkina Faso
25%
Sihanoukville Cambodge
25%
Limassol Chypre
25%
Hamhŭng Corée du Nord
25%
Abomey-Calavi Bénin
25%
Al-Aïn Émirats arabes unis
25%
Tartu Estonie
25%
Surabaya Indonésie
25%
Mechhed Iran
25%
Tripoli Liban
25%
Tiraspol Moldavie
25%
Hargeisa Somalie
25%
Salto Uruguay
25%
Gyumri Arménie
13%
Mindelo Cap-Vert
13%
Puente Alto Chili
13%
Mutsamudu Comores
13%
Puerto Limо́n Costa Rica
13%
Gondar Éthiopie
13%
Kumasi Ghana
13%
Carrefour Haïti
13%
Sao Pedro Sula Honduras
13%
Och Kirghizistan
13%
Blantyre Malawi
13%
Sikasso Mali
13%
Ecatepec Mexique
13%
Nikšić Monténégro
13%
Walvis Bay Namibie
13%
Leо́n Nicaragua
13%
Lae Papouasie-Nouvelle-Guinée
13%
Al Rayyan Qatar
13%
Borgo-Maggiore Saint-Marin
13%
Bulawayo Zimbabwe
13%
Escaldes-Engordany Andorre
0%
Huambo Angola
0%
All Saints Antigua-et-Barbuda
0%
Gandja Azerbaïdjan
0%
Freeport Bahamas
0%
al-Muharraq Bahreïn
0%
Speightstown Barbade
0%
San Ignacio Belize
0%
Phuentsholing Bhoutan
0%
Homiel Biélorussie
0%
Bouaké Côte d'Ivoire
0%
Ali Sabieh Djibouti
0%
Portsmouth Dominique
0%
Assab Érythrée
0%
Nasinu Fidji
0%
Port-Gentil Gabon
0%
Brikama Gambie
0%
Gouyave Grenade
0%
Mixco Guatemala
0%
Nzérékoré Guinée
0%
Bafatá Guinée-Bissau
0%
Linden Guyana
0%
Ebeye Îles Marshall
0%
Auki Îles Salomon
0%
Kо́pavogur Islande
0%
Spanish Town Jamaïque
0%
Zarqa Jordanie
0%
Teaoraereke Kiribati
0%
Mubarak Al-Kabeer Koweït
0%
Savannakhet Laos
0%
Teyateyaneng Lesotho
0%
Daugavpils Lettonie
0%
Ganta Liberia
0%
Kumanovo Macédoine du Nord
0%
Toamasina / Tamatave Madagascar
0%
Subang Jaya Malaisie
0%
Hithandhoo Maldives
0%
Birkirkara Malte
0%
Beau Bassin-Rose Hill Maurice
0%
Nouâdhibou Mauritanie
0%
Darkhan Mongolie
0%
Matola Mozambique
0%
Meneng Nauru
0%
Pokhara Népal
0%
Maradi Niger
0%
Salalah Oman
0%
Gulu Ouganda
0%
Meyuns Palaos
0%
San Miguelito Panama
0%
Ciudad del Este Paraguay
0%
Bimbo République Centrafricaine
0%
Santiago de los Caballeros République dominicaine
0%
Butare Rwanda
0%
Sandy Point Town Saint-Christophe-et-Niévès
0%
Colonarie Saint-Vincent-et-les-Grenadines
0%
Soyapango Salvador
0%
Salelologa Samoa
0%
Santo Amaro Sao Tomé-et-Principe
0%
De Quincey Seychelles
0%
Bo Sierra Leone
0%
Winejok Soudan du Sud
0%
Dehiwala-Mount Lavinia Sri Lanka
0%
Lelydorp Suriname
0%
Khodjent Tadjikistan
0%
Mwanza Tanzanie
0%
Moundou Tchad
0%
Nonthaburi Thaïlande
0%
Baucau Timor oriental
0%
Kara Togo
0%
Neiafu Tonga
0%
San Fernando Trinité-et-Tobago
0%
Alapi Village Tuvalu
0%
Luganville Vanuatu
0%
Ta'izz Yémen
0%
Ndola Zambie
0%
Aucun quiz correspondant
Distribution des résultats
% des personnes avec chaque résultat
Percentile par nombre de réponses
Votre historique - résultats
Vous n’avez pas pris ce quiz depuis la dernière actualisation